000 00611nam a2200229Ia 4500
001 15432
003 GE_BSU
008 181216s||||||||xx |||||||||||||| ||und||
040 _cGE_BSU
080 _a821.353.1-31
100 _aჩაჩიბაია,არჩილ
245 _aგმირები
245 _bრომანი
245 _cრედ.რ. გვეტაძე
260 _aთბილისი
260 _bფედერაცია
260 _c1937
300 _a290გვ.17სმ.
653 _aგმირები
653 _aრომანი
942 _cBK
999 _c48535
_d48535